<?xml version="1.0" encoding="UTF-8"?><?xml-stylesheet type="text/xsl" href="static/style.xsl"?><OAI-PMH xmlns="http://www.openarchives.org/OAI/2.0/" xmlns:xsi="http://www.w3.org/2001/XMLSchema-instance" xsi:schemaLocation="http://www.openarchives.org/OAI/2.0/ http://www.openarchives.org/OAI/2.0/OAI-PMH.xsd"><responseDate>2026-04-27T21:51:08Z</responseDate><request verb="GetRecord" identifier="oai:uvadoc.uva.es:10324/27059" metadataPrefix="marc">https://uvadoc.uva.es/oai/request</request><GetRecord><record><header><identifier>oai:uvadoc.uva.es:10324/27059</identifier><datestamp>2021-06-29T19:25:33Z</datestamp><setSpec>com_10324_38</setSpec><setSpec>col_10324_852</setSpec></header><metadata><record xmlns="http://www.loc.gov/MARC21/slim" xmlns:doc="http://www.lyncode.com/xoai" xmlns:xsi="http://www.w3.org/2001/XMLSchema-instance" xmlns:dcterms="http://purl.org/dc/terms/" xsi:schemaLocation="http://www.loc.gov/MARC21/slim http://www.loc.gov/standards/marcxml/schema/MARC21slim.xsd">
<leader>00925njm 22002777a 4500</leader>
<datafield tag="042" ind1=" " ind2=" ">
<subfield code="a">dc</subfield>
</datafield>
<datafield tag="720" ind1=" " ind2=" ">
<subfield code="a">Turrado Hernán, Roberto</subfield>
<subfield code="e">author</subfield>
</datafield>
<datafield tag="260" ind1=" " ind2=" ">
<subfield code="c">2017</subfield>
</datafield>
<datafield tag="520" ind1=" " ind2=" ">
<subfield code="a">La presente investigación que se recoge como Trabajo de Fin de Grado (TFG), tiene como objetivo conocer los factores que afectan a la flexibilidad de los escolares de Educación Primaria. Para analizar esta capacidad física básica se ha realizado una intervención con sujetos del CEIP Parque Alameda, con alumnos de primero hasta sexto curso de primaria, a los que se han aplicado dos test para medir la capacidad de flexibilidad. A través de una fundamentación teórica, se han analizado las variables (sexo, edad y actividad extraescolar) tomando especial atención en conocer que factores, tanto endógenos como exógenos, influyen en el desarrollo de la mencionada capacidad física en los alumnos de Educación Primaria. Se analizan los resultados obtenidos y, por último, se ofrece una serie de recomendaciones básicas, desde el área de la Educación Física, que nos pueden servir para mejorar la flexibilidad de los alumnos y con ello su desarrollo motriz.</subfield>
</datafield>
<datafield tag="024" ind2=" " ind1="8">
<subfield code="a">http://uvadoc.uva.es/handle/10324/27059</subfield>
</datafield>
<datafield tag="245" ind1="0" ind2="0">
<subfield code="a">Factores que afectan a la flexibilidad de los alumnos de Educación Primaria: análisis de un centro educativo</subfield>
</datafield>
</record></metadata></record></GetRecord></OAI-PMH>